[Event "Open de Cappelle la Grande"]
[Site "?"]
[Date "2002.??.??"]
[Round "7.11"]
[White "Luther, Thomas"]
[Black "Fontaine, Robert"]
[Result "1-0"]
[WhiteElo "2573"]
[BlackElo "2469"]
[PlyCount "81"]

1. e4 c6 2. d4 d5 3. Nd2 dxe4 4. Nxe4 Bf5 5. Ng3 Bg6 6. h4 h6 7. Nf3 Nd7 8. h5
Bh7 9. Bd3 Bxd3 10. Qxd3 e6 11. Bf4 Bb4+ 12. c3 Be7 13. O-O-O Ngf6 14. Kb1 O-O
15. Ne5 a5 16. c4 a4 17. Qf3 Qb6 18. Rd3 c5 19. d5 Nxe5 20. Bxe5 Nd7 21. Bc3
Bf6 22. Bxf6 Nxf6 23. d6 a3 24. b3 Rfd8 25. Rhd1 Qb4 26. Ne4 Nd7 27. Qf4 Kh8
28. Nc3 f6 29. Rg3 Ne5 30. Qe4 Rg8 31. Nb5 Rad8 32. Re3 Rd7 33. f4 Ng4 34. Re2
f5 35. Qxe6 Rdd8 36. Qxf5 Nf6 37. Re7 Rge8 38. Rxe8+ Rxe8 39. d7 Rd8 40. Kc2
Qa5 41. Qxc5 1-0

[Event "Open de Cappelle la Grande"]
[Site "?"]
[Date "2002.??.??"]
[Round "7.13"]
[White "Fridman, Daniel"]
[Black "Rizouk, Aimen"]
[Result "1/2-1/2"]
[WhiteElo "2571"]
[BlackElo "2467"]
[PlyCount "56"]

1. Nf3 Nf6 2. c4 e6 3. g3 d5 4. Bg2 Be7 5. O-O O-O 6. d4 dxc4 7. Qc2 a6 8. Qxc4
b5 9. Qc2 Bb7 10. Bd2 Be4 11. Qc1 Nbd7 12. Ba5 Ra7 13. Nc3 Bc6 14. a3 Bd6 15.
Re1 Qa8 16. e4 e5 17. Qe3 Bb7 18. Bb4 Re8 19. dxe5 Ng4 20. Qd4 Ndxe5 21. Bxd6
cxd6 22. Rad1 Bc6 23. Nd2 Rd7 24. Bh3 Rdd8 25. f4 Bd7 26. Kh1 Nc6 27. Qg1 Nf6
28. Bg2 Qb8 1/2-1/2

[Event "Open de Cappelle la Grande"]
[Site "?"]
[Date "2002.??.??"]
[Round "7.15"]
[White "Klovans, Janis"]
[Black "Kazhgaleyev, Murtas"]
[Result "1/2-1/2"]
[WhiteElo "2440"]
[BlackElo "2561"]
[PlyCount "114"]

1. e4 e5 2. Nf3 d6 3. d4 exd4 4. Nxd4 Nf6 5. Nc3 Be7 6. Be2 O-O 7. O-O Re8 8.
f4 Bf8 9. Bf3 c5 10. Nb3 Nc6 11. Be3 Bf5 12. exf5 Rxe3 13. Qd2 Re8 14. Kh1 c4
15. Nd4 d5 16. Rad1 Bc5 17. Nxc6 bxc6 18. Rfe1 Rb8 19. Na4 Rxe1+ 20. Rxe1 Bb4
21. c3 Bd6 22. g3 Qa5 23. Qd1 h6 24. Re2 Qb5 25. Kg2 Kf8 26. Kf1 Bc7 27. Rd2
Re8 28. Re2 Rd8 29. Rd2 Kg8 30. Kg2 c5 31. b3 cxb3 32. axb3 c4 33. bxc4 Qxc4
34. Rd4 Qa2+ 35. Kh3 Kh7 36. Rd2 Qc4 37. Rd4 Qb5 38. c4 dxc4 39. Rxd8 Bxd8 40.
Qxd8 Qxa4 41. Qc7 Qb3 42. Be2 c3 43. Bc4 Qb6 44. Qc8 Ng8 45. Bxf7 Ne7 46. Qxc3
Qf6 47. Qxf6 gxf6 48. g4 a5 49. Kg3 a4 50. Kf3 a3 51. Ke3 h5 52. gxh5 Nxf5+ 53.
Kd3 Kg7 54. Be6 Kh6 55. Kc3 Ng7 56. Bd7 Nxh5 57. Kb3 Nxf4 1/2-1/2

[Event "Open de Cappelle la Grande"]
[Site "?"]
[Date "2002.??.??"]
[Round "7.17"]
[White "Foisor, Cristina"]
[Black "Dgebuadze, Alexandre"]
[Result "0-1"]
[WhiteElo "2438"]
[BlackElo "2544"]
[PlyCount "154"]

1. Nf3 Nf6 2. g3 c5 3. Bg2 Nc6 4. c4 d5 5. cxd5 Nxd5 6. d4 cxd4 7. Nxd4 Ndb4 8.
Nxc6 Qxd1+ 9. Kxd1 Nxc6 10. Bxc6+ bxc6 11. Nc3 e5 12. Be3 Be6 13. Kd2 Rb8 14.
Kc1 a5 15. Rd1 Bb4 16. Ne4 Bd5 17. Nc5 Rb5 18. Nd3 Bd6 19. a4 Rb7 20. Bc5 Ke7
21. Ra3 e4 22. Bxd6+ Kxd6 23. Nf4 Rhb8 24. Rd2 Rb4 25. h4 Ke5 26. Rc2 R8b7 27.
e3 Kd6 28. Ne2 Bb3 29. Rd2+ Kc7 30. Rd4 c5 31. Rxb4 Rxb4 32. Nc3 f5 33. Kd2 Kc6
34. Ra1 Bc4 35. Kc1 Rb8 36. Ra3 h6 37. Nb1 g5 38. Nd2 Bd3 39. hxg5 hxg5 40. Rc3
Kd5 41. Nb3 c4 42. Nd4 Rh8 43. b3 Rh1+ 44. Kb2 Rf1 45. bxc4+ Bxc4 46. Rc2 f4
47. gxf4 gxf4 48. Nb5 Bd3 49. Nc7+ Ke5 50. exf4+ Kxf4 51. Rd2 Ke5 52. Nb5 Rb1+
53. Kc3 Bxb5 54. axb5 Rxb5 55. Ra2 Rd5 56. Ra1 Kf4 57. Ra2 Kf3 58. Kc4 Rd8 59.
Kc3 Rc8+ 60. Kd4 Re8 61. Kd5 Ra8 62. Ke5 Re8+ 63. Kd4 Rb8 64. Kc4 Rb4+ 65. Kc3
Rb1 66. Kd4 Kf4 67. Rxa5 Rb2 68. Ra8 Rd2+ 69. Kc3 Rxf2 70. Rf8+ Ke3 71. Rh8 Ke2
72. Kd4 e3 73. Ke4 Rg2 74. Rh4 Kd2 75. Rh3 e2 76. Rd3+ Ke1 77. Kf3 Rf2+ 0-1

[Event "Open de Cappelle la Grande"]
[Site "?"]
[Date "2002.??.??"]
[Round "7.19"]
[White "Heberla, Bartlomiej"]
[Black "Yu, Shaoteng"]
[Result "1-0"]
[WhiteElo "2433"]
[BlackElo "2522"]
[Annotator "Cappelois,Echiquier"]
[PlyCount "59"]

1. e4 e6 2. d4 d5 3. exd5 exd5 4. Nf3 Bd6 5. c4 Nf6 6. Nc3 O-O 7. cxd5 Nbd7 8.
Bg5 h6 9. Bh4 Nb6 10. Be2 Be7 11. Bxf6 Bxf6 12. Qb3 Bg4 13. O-O Re8 14. Rfe1
Bxf3 15. Bxf3 Rxe1+ 16. Rxe1 Bxd4 17. d6 cxd6 18. Bxb7 Rb8 19. Bf3 Nd7 20. Qc2
Ne5 21. Bd5 Qf6 22. Re2 Rc8 23. g3 h5 24. Kg2 h4 25. f4 Ng4 26. Qd3 h3+ 27.
Kxh3 Nf2+ 28. Rxf2 Bxf2 29. Ne4 Qd4 30. Qf3 {Fin de partie illisible} 1-0

[Event "Open de Cappelle la Grande"]
[Site "?"]
[Date "2002.??.??"]
[Round "7.21"]
[White "Belkhodja, Slim"]
[Black "Solleveld, Maarten"]
[Result "1/2-1/2"]
[WhiteElo "2506"]
[BlackElo "2413"]
[PlyCount "64"]

1. e4 e5 2. Nf3 Nc6 3. Nc3 Nf6 4. Bc4 Nxe4 5. Nxe4 d5 6. Bd3 dxe4 7. Bxe4 Bd6
8. O-O O-O 9. Re1 Re8 10. c3 Bg4 11. Qc2 h6 12. h3 Bd7 13. a3 Rb8 14. d4 exd4
15. cxd4 Qf6 16. Be3 a6 17. d5 Ne5 18. Nd2 Re7 19. Bd4 Rbe8 20. Re3 Qh4 21.
Rae1 Ng6 22. Nf3 Qh5 23. Bxg6 Qxg6 24. Qxg6 fxg6 25. Ne5 Bb5 26. Nxg6 Rxe3 27.
Bxe3 Bd3 28. Nh4 Re5 29. Nf3 Rxd5 30. Bd4 c5 31. Be5 Bf8 32. Bc3 Bg6 1/2-1/2

[Event "Open de Cappelle la Grande"]
[Site "?"]
[Date "2002.??.??"]
[Round "7.22"]
[White "Jedinak, Radoslaw"]
[Black "Dumitrache, Dragos"]
[Result "1-0"]
[WhiteElo "2425"]
[BlackElo "2506"]
[PlyCount "73"]

1. d4 d5 2. c4 c6 3. Nf3 Nf6 4. cxd5 cxd5 5. Nc3 Nc6 6. Bf4 a6 7. e3 Bg4 8. Bd3
e6 9. Qb3 Bxf3 10. gxf3 Ra7 11. O-O Bd6 12. Bg3 O-O 13. Rfc1 Na5 14. Qd1 Qe7
15. Bf1 Raa8 16. Rc2 Nc6 17. Rac1 Rfd8 18. Bxd6 Rxd6 19. f4 Kh8 20. a3 Rg8 21.
Ne2 Ra8 22. b4 Ne8 23. Nc3 f6 24. Bg2 Rad8 25. Rd2 R6d7 26. Na4 Nd6 27. Nc5 Rc7
28. f5 exf5 29. Bxd5 Ne4 30. Bxe4 fxe4 31. d5 Ne5 32. d6 Qe8 33. dxc7 Rxd2 34.
Qxd2 Nf3+ 35. Kh1 Nxd2 36. Nd7 Qc8 37. Nb6 1-0

[Event "Open de Cappelle la Grande"]
[Site "?"]
[Date "2002.??.??"]
[Round "7.24"]
[White "Gallagher, Joseph"]
[Black "Vallin, Guillaume"]
[Result "1/2-1/2"]
[WhiteElo "2503"]
[BlackElo "2356"]
[PlyCount "109"]

1. e4 e6 2. d4 d5 3. Nd2 Nf6 4. e5 Nfd7 5. c3 c5 6. Bd3 Nc6 7. Ne2 cxd4 8. cxd4
f6 9. exf6 Nxf6 10. Nf3 Bd6 11. O-O Qc7 12. Nc3 a6 13. Bg5 O-O 14. Bh4 Bd7 15.
Rc1 Rae8 16. Bg3 Bxg3 17. hxg3 Qd6 18. Bc2 e5 19. dxe5 Nxe5 20. Qd4 Nxf3+ 21.
gxf3 Bc6 22. Rfe1 Rxe1+ 23. Rxe1 Re8 24. Rxe8+ Nxe8 25. f4 Nc7 26. Bb3 Kf8 27.
Qd3 Qg6 28. Qe3 Qf6 29. Qd2 d4 30. Ne2 Qh6 31. f3 Bxf3 32. Qb4+ Ke8 33. Nxd4
Qh1+ 34. Kf2 Qg2+ 35. Ke3 Nd5+ 36. Bxd5 Bxd5 37. Ne2 Qf3+ 38. Kd2 Qe4 39. Qxe4+
Bxe4 40. Ke3 Bc6 41. Kd4 Ke7 42. Ke5 Bd7 43. Nd4 h6 44. b4 Bc8 45. a4 Bd7 46.
a5 Bh3 47. f5 Bg2 48. Ne6 Kf7 49. g4 Bh1 50. g5 hxg5 51. Nxg5+ Ke7 52. Ne6 Kf7
53. Kd6 Kf6 54. Nd4 Be4 55. Kd7 1/2-1/2

[Event "Open de Cappelle la Grande"]
[Site "?"]
[Date "2002.??.??"]
[Round "7.25"]
[White "Solak, Dragan"]
[Black "Pilgaard, Kim"]
[Result "1/2-1/2"]
[WhiteElo "2501"]
[BlackElo "2400"]
[PlyCount "51"]

1. c4 Nf6 2. g3 e6 3. Bg2 d5 4. Nf3 Be7 5. O-O O-O 6. b3 c5 7. cxd5 Nxd5 8. Bb2
Nc6 9. Nc3 Bf6 10. Qc1 Nxc3 11. Bxc3 b6 12. Bxf6 Qxf6 13. d4 Ba6 14. Re1 Rac8
15. dxc5 Nb4 16. Nd2 Qe7 17. Ne4 f5 18. Qg5 Rfe8 19. Qd2 fxe4 20. Qxb4 e3 21.
fxe3 Qxc5 22. Qxc5 Rxc5 23. Rac1 Rxc1 24. Rxc1 Rc8 25. Rd1 Bxe2 26. Rd2 1/2-1/2

[Event "Open de Cappelle la Grande"]
[Site "?"]
[Date "2002.??.??"]
[Round "7.26"]
[White "Grabarczyk, Miroslaw"]
[Black "Maeurer, Christoph"]
[Result "1-0"]
[WhiteElo "2495"]
[BlackElo "2314"]
[PlyCount "69"]

1. d4 Nf6 2. c4 g6 3. g3 Bg7 4. Bg2 O-O 5. Nc3 d6 6. Nf3 Nbd7 7. O-O e5 8. e4
exd4 9. Nxd4 Re8 10. h3 a6 11. Be3 Rb8 12. b3 c5 13. Nde2 b5 14. Qxd6 b4 15.
Na4 Re6 16. Qd3 Bb7 17. f3 Qf8 18. Rad1 Bc6 19. Qc2 Bxa4 20. bxa4 Qe8 21. a5
Ne5 22. Nf4 Rc6 23. Nd5 Kh8 24. f4 Ned7 25. e5 Ng8 26. Bf2 Nf8 27. Qa4 Rbc8 28.
Nb6 Ne6 29. Nxc8 Rxc8 30. Qxe8 Rxe8 31. Rd6 Ne7 32. Rxa6 Nf5 33. Ra8 Rxa8 34.
Bxa8 g5 35. Be4 1-0

[Event "Open de Cappelle la Grande"]
[Site "?"]
[Date "2002.??.??"]
[Round "7.27"]
[White "Cosma, Elena-Lumina"]
[Black "Gyimesi, Zoltan"]
[Result "0-1"]
[WhiteElo "2354"]
[BlackElo "2606"]
[PlyCount "94"]

1. d4 Nf6 2. Nf3 b6 3. g3 Bb7 4. Bg2 c5 5. O-O g6 6. c4 cxd4 7. Qxd4 Bg7 8. Nc3
O-O 9. Qh4 h5 10. Bg5 d6 11. Qf4 Nbd7 12. Bh6 Rc8 13. Bxg7 Kxg7 14. b3 a6 15.
Qd2 b5 16. cxb5 Qa5 17. b4 Qxb4 18. Rfc1 Rc5 19. Rab1 Qa3 20. bxa6 Bxa6 21. Nd4
Rfc8 22. Nb3 R5c7 23. Ne4 Bc4 24. Nxf6 Nxf6 25. h3 d5 26. Qb2 Ra7 27. e4 Rca8
28. Qc3 Kg8 29. exd5 Bxd5 30. Bxd5 Nxd5 31. Qe5 Nf6 32. Rc2 Qb4 33. Nd2 Qa4 34.
Rb8+ Rxb8 35. Qxb8+ Kg7 36. Qb3 Qd7 37. Qc3 Qxh3 38. Ne4 Rd7 39. Rc1 h4 40.
Nxf6 exf6 41. a4 Qf5 42. gxh4 Rd3 43. Qc6 Rf3 44. Rc5 Qg4+ 45. Kf1 Rf4 46. a5
Qd1+ 47. Kg2 Qd2 0-1

[Event "Open de Cappelle la Grande"]
[Site "?"]
[Date "2002.??.??"]
[Round "7.28"]
[White "Halkias, Stelios"]
[Black "Cornette, Matthieu"]
[Result "1-0"]
[WhiteElo "2546"]
[BlackElo "2357"]
[PlyCount "60"]

1. d4 Nf6 2. c4 e6 3. Nf3 c5 4. d5 exd5 5. cxd5 d6 6. Nc3 g6 7. Nd2 Bg7 8. Nc4
O-O 9. Bf4 Na6 10. e3 Ne8 11. Be2 Nac7 12. a4 b6 13. O-O Ba6 14. Qd2 Qe7 15. h3
Rd8 16. Rfd1 f5 17. Na3 Bxe2 18. Qxe2 Be5 19. Bxe5 dxe5 20. Nc4 Nd6 21. a5 Nxc4
22. Qxc4 Qd6 23. axb6 axb6 24. Ra7 Rb8 25. f4 e4 26. b4 Rfc8 27. bxc5 bxc5 28.
Ra5 Ne8 29. Nb5 Rxb5 30. Rxb5 Nf6 1-0

[Event "Open de Cappelle la Grande"]
[Site "?"]
[Date "2002.??.??"]
[Round "7.30"]
[White "Zhang, Pengxiang"]
[Black "Palo, Davor"]
[Result "1/2-1/2"]
[WhiteElo "2522"]
[BlackElo "2337"]
[PlyCount "49"]

1. e4 c6 2. d4 d5 3. e5 Bf5 4. Nc3 e6 5. g4 Bg6 6. Nge2 c5 7. Be3 Nc6 8. f4 h5
9. f5 exf5 10. g5 cxd4 11. Nxd4 Bb4 12. e6 Nge7 13. Bg2 fxe6 14. Nxe6 Qd6 15.
Bxd5 Nxd5 16. Qxd5 Bxc3+ 17. bxc3 Qxd5 18. Nc7+ Kf7 19. Nxd5 Rae8 20. Kf2 Re4
21. h3 Rhe8 22. Rhe1 Kg8 23. Nf4 Ne5 24. Nd3 b6 25. Nxe5 1/2-1/2

[Event "Open de Cappelle la Grande"]
[Site "?"]
[Date "2002.??.??"]
[Round "7.31"]
[White "Colin, Vincent"]
[Black "Apicella, Manuel"]
[Result "1/2-1/2"]
[WhiteElo "2336"]
[BlackElo "2520"]
[PlyCount "110"]

1. d4 Nf6 2. c4 g6 3. Nc3 Bg7 4. e4 d6 5. f4 O-O 6. Nf3 Bg4 7. Be2 e5 8. dxe5
Bxf3 9. Bxf3 dxe5 10. Qxd8 Rxd8 11. fxe5 Nfd7 12. Bg5 Re8 13. O-O-O c6 14. e6
fxe6 15. e5 Nxe5 16. Ne4 Nxc4 17. b3 Ne5 18. Nd6 Rf8 19. Be7 Rf4 20. Nxb7 Na6
21. Nd8 Nxf3 22. gxf3 Rxf3 23. Rhe1 Nc7 24. Rd7 Bh6+ 25. Kd1 Nd5 26. Rxe6 Rd3+
27. Ke1 Bd2+ 28. Kf2 Be3+ 29. Ke1 Bd2+ 30. Kf2 Re3 31. Bc5 Rxe6 32. Nxe6 Re8
33. Nd8 Nf6 34. Rd3 Ba5 35. Nb7 Ne4+ 36. Kf3 Nxc5 37. Nxc5 Bc7 38. h3 Rf8+ 39.
Kg2 Bb6 40. Rc3 Rf5 41. Nd7 Bd4 42. Rc4 Rf2+ 43. Kg3 Rd2 44. a4 Bb2 45. Nc5
Be5+ 46. Kf3 Kf7 47. Rb4 g5 48. Ne4 Rh2 49. Nxg5+ Kg6 50. h4 h6 51. Ne6 a5 52.
Rg4+ Kf6 53. Nd8 Kf5 54. Rc4 Rh3+ 55. Kg2 Rxb3 1/2-1/2

[Event "Open de Cappelle la Grande"]
[Site "?"]
[Date "2002.??.??"]
[Round "7.33"]
[White "Galdunts, Sergey"]
[Black "Bakalarz, Mieczyaslaw"]
[Result "1/2-1/2"]
[WhiteElo "2510"]
[BlackElo "2328"]
[PlyCount "69"]

1. e4 c5 2. Nf3 e6 3. d3 d5 4. Qe2 Ne7 5. g3 b6 6. Bg2 dxe4 7. Ne5 Bb7 8. dxe4
Nbc6 9. Nxc6 Nxc6 10. O-O Nd4 11. Qd2 Ba6 12. Re1 Qc7 13. c3 Nc6 14. Qc2 Rd8
15. Qa4 Bb7 16. e5 a6 17. Bg5 Rd7 18. Bf4 b5 19. Qc2 h6 20. Qe2 g5 21. Bc1 Bg7
22. f4 c4 23. Be3 gxf4 24. Bxf4 Ne7 25. Nd2 Bxg2 26. Qxg2 Ng6 27. Nf3 O-O 28.
Be3 Nxe5 29. Nxe5 Qxe5 30. Bxh6 Qd5 31. Bxg7 Qxg2+ 32. Kxg2 Rd2+ 33. Kf3 Kxg7
34. Re2 Rfd8 35. Rae1 1/2-1/2

[Event "Open de Cappelle la Grande"]
[Site "?"]
[Date "2002.??.??"]
[Round "7.34"]
[White "Li, Shilong"]
[Black "Ciuksyte, Dagne"]
[Result "1-0"]
[WhiteElo "2509"]
[BlackElo "2319"]
[PlyCount "69"]

1. Nf3 Nf6 2. c4 e6 3. Nc3 d5 4. d4 Bb4 5. e3 O-O 6. a3 Bxc3+ 7. bxc3 c5 8. Bd3
dxc4 9. Bxc4 Nc6 10. O-O Qc7 11. Qe2 e5 12. Nxe5 Nxe5 13. dxe5 Qxe5 14. f3 Be6
15. Bxe6 Qxe6 16. e4 Nd7 17. Bf4 Nb6 18. Rfd1 Rfd8 19. Bc7 Rxd1+ 20. Rxd1 Nc4
21. Rd5 b5 22. Qd3 h6 23. Bd6 Nxd6 24. Rxd6 Qb3 25. Qd5 Qxd5 26. exd5 Kf8 27.
Rc6 c4 28. Kf2 Ke7 29. Ke3 Kd7 30. Kd4 a6 31. Kc5 f6 32. d6 Re8 33. Rc7+ Ke6
34. Rxg7 a5 35. Re7+ 1-0

[Event "Open de Cappelle la Grande"]
[Site "?"]
[Date "2002.??.??"]
[Round "7.37"]
[White "Cheng, Xinkai"]
[Black "Winants, Luc"]
[Result "*"]
[WhiteElo "2308"]
[BlackElo "2488"]
[PlyCount "76"]

1. d4 Nf6 2. c4 e6 3. Nc3 Bb4 4. Qc2 Nc6 5. Nf3 d6 6. a3 Bxc3+ 7. Qxc3 a5 8. b3
O-O 9. e3 Re8 10. Be2 e5 11. d5 Ne7 12. Nd2 c6 13. e4 Ng6 14. O-O Nf4 15. Re1
Nxe2+ 16. Rxe2 cxd5 17. cxd5 b5 18. Nf1 b4 19. Qe3 Ba6 20. Rea2 Bxf1 21. Kxf1
Rb8 22. Bd2 Nd7 23. axb4 axb4 24. Rc1 Nc5 25. Rc4 Qh4 26. h3 f5 27. exf5 Qh5
28. g4 Qf7 29. Bxb4 Qxd5 30. Rd2 Qh1+ 31. Ke2 d5 32. Rxd5 Qxd5 33. Qxc5 Qh1 34.
Qe3 Red8 35. Bd2 Ra8 36. Rc7 Qd5 37. Rc5 Qd7 38. Bc3 Qd1# *

[Event "Open de Cappelle la Grande"]
[Site "?"]
[Date "2002.??.??"]
[Round "7.40"]
[White "Potapov, Alexander"]
[Black "Te Lallemand, Rosa"]
[Result "1-0"]
[WhiteElo "2477"]
[BlackElo "2291"]
[PlyCount "81"]

1. d4 Nf6 2. c4 g6 3. Nc3 Bg7 4. e4 d6 5. h3 O-O 6. Bg5 Qe8 7. Nf3 e5 8. d5 Na6
9. Be2 Nh5 10. g3 f5 11. Nd2 Nf6 12. g4 Nxe4 13. Ndxe4 fxe4 14. Nxe4 Nc5 15.
Qc2 Bd7 16. Be3 Nxe4 17. Qxe4 b5 18. Rc1 c5 19. h4 bxc4 20. Bxc4 Rb8 21. b3 Qc8
22. f3 Qc7 23. Bd2 Rbe8 24. Kd1 Qc8 25. Kc2 h5 26. Bd3 c4 27. Kb1 hxg4 28. Qxg6
Bf5 29. Bxf5 Qxf5+ 30. Qxf5 Rxf5 31. fxg4 Rf2 32. Be1 Rg2 33. Rxc4 e4 34. Bc3
Bxc3 35. Rxc3 Rxg4 36. Rc6 Rg6 37. Kc1 Re5 38. h5 Rh6 39. Rg1+ Kh7 40. Rg6 Rxd5
41. Rc7+ 1-0

[Event "Open de Cappelle la Grande"]
[Site "?"]
[Date "2002.??.??"]
[Round "7.42"]
[White "Arkell, Keith"]
[Black "Toulzac, Pierre Yves"]
[Result "1-0"]
[WhiteElo "2463"]
[BlackElo "2277"]
[PlyCount "95"]

1. d4 Nf6 2. Nf3 d6 3. g3 g6 4. Bg2 Bg7 5. O-O O-O 6. c4 Nc6 7. Nc3 Rb8 8. h3
Re8 9. e4 e5 10. d5 Na5 11. Nd2 c5 12. a3 b6 13. b4 Nb7 14. Rb1 Nh5 15. Nb5 Ra8
16. Re1 Bh6 17. Bb2 Rf8 18. Nf1 Bd7 19. Ne3 Bxe3 20. Rxe3 a6 21. Nc3 cxb4 22.
axb4 f5 23. exf5 Bxf5 24. Ne4 a5 25. Ra1 Bxe4 26. Bxe4 Qg5 27. h4 Qd8 28. Bg2
Rc8 29. c5 bxc5 30. bxa5 Nxa5 31. Bc3 Nc4 32. Re4 Nb6 33. Bh3 Ra8 34. Be6+ Kg7
35. Rb1 Ra3 36. Qd2 Nf6 37. Re2 Nbxd5 38. Bxd5 Nxd5 39. Bb2 Nf4 40. Bxa3 Nxe2+
41. Qxe2 Qa8 42. Bb2 Qf3 43. Qd2 h6 44. Ra1 Rf5 45. Ra7+ Kg8 46. Ra3 Qe4 47.
Re3 Qb7 48. Qxd6 1-0

[Event "Open de Cappelle la Grande"]
[Site "?"]
[Date "2002.??.??"]
[Round "7.45"]
[White "Dubois, Jean Marie"]
[Black "Jakubowski, Krzysztof"]
[Result "1-0"]
[WhiteElo "2297"]
[BlackElo "2458"]
[PlyCount "81"]

1. c4 e5 2. Nc3 Nf6 3. g3 d5 4. cxd5 Nxd5 5. Bg2 Nb6 6. Nf3 Nc6 7. O-O Be7 8.
d3 O-O 9. Be3 f5 10. Na4 Kh8 11. Bc5 Be6 12. Bxe7 Qxe7 13. Nxb6 axb6 14. a3
Rad8 15. Qc2 Bd5 16. e3 f4 17. Rae1 fxg3 18. fxg3 e4 19. Nd4 exd3 20. Rxf8+
Rxf8 21. Qxd3 Ne5 22. Qc2 Bxg2 23. Kxg2 Ng4 24. Nf5 Qe5 25. h3 Rxf5 26. hxg4
Rf8 27. e4 c5 28. Qc3 Qe6 29. g5 Qc6 30. Qe5 Re8 31. Qf4 Qb5 32. b4 Qc4 33.
bxc5 bxc5 34. e5 Qa2+ 35. Kh3 Qxa3 36. e6 c4 37. e7 Qd6 38. Qf7 Qd7+ 39. Kh4
Qc8 40. Rf1 Rg8 41. Qf8 1-0

[Event "Open de Cappelle la Grande"]
[Site "?"]
[Date "2002.??.??"]
[Round "7.46"]
[White "Krupkova, Petra"]
[Black "Shirazi, Kamran"]
[Result "1/2-1/2"]
[WhiteElo "2295"]
[BlackElo "2455"]
[PlyCount "96"]

1. e4 c5 2. c3 d6 3. d4 Nd7 4. Nf3 g6 5. Bd3 Bg7 6. O-O cxd4 7. cxd4 e5 8. dxe5
dxe5 9. Nc3 Ne7 10. Bc4 O-O 11. Qe2 Nc6 12. Rd1 Nd4 13. Nxd4 exd4 14. Nd5 Ne5
15. Bf4 Bg4 16. f3 Be6 17. Bxe5 Bxe5 18. Rac1 Rc8 19. Bb3 Rxc1 20. Rxc1 d3 21.
Qxd3 Bxb2 22. Rd1 Be5 23. g3 h5 24. f4 Bg7 25. f5 gxf5 26. exf5 Bxd5 27. Qxd5
Qe7 28. Qf3 h4 29. gxh4 Qxh4 30. Kh1 Be5 31. Rg1+ Kh8 32. Qe2 Bg7 33. Qg4 Qxg4
34. Rxg4 Be5 35. Kg2 f6 36. Kf3 Rc8 37. h4 b5 38. Be6 Rc3+ 39. Ke4 Ra3 40. Bb3
a5 41. Rg8+ Kh7 42. Ra8 a4 43. Bf7 Rh3 44. Bg6+ Kh6 45. Kd5 Rh2 46. Ra7 Rxh4
47. Rh7+ Kg5 48. Rxh4 Kxh4 1/2-1/2

[Event "Open de Cappelle la Grande"]
[Site "?"]
[Date "2002.??.??"]
[Round "7.47"]
[White "Koskela, Niina"]
[Black "Butnorius, Algimantas"]
[Result "0-1"]
[WhiteElo "2276"]
[BlackElo "2449"]
[PlyCount "128"]

1. e4 c5 2. Nf3 e6 3. d3 Nc6 4. g3 Nf6 5. Bg2 Be7 6. O-O d6 7. c3 O-O 8. Re1
Re8 9. d4 d5 10. e5 Nd7 11. h4 Qb6 12. Re2 Nf8 13. Be3 Bd7 14. b3 Rec8 15. Rb2
cxd4 16. cxd4 Rc7 17. a3 Rac8 18. Kh2 Na5 19. Raa2 Bb5 20. Bf1 Bxf1 21. Qxf1 a6
22. Qd3 h6 23. Kg2 Nc6 24. Rc2 Qa7 25. Qd1 b5 26. Nh2 Nh7 27. Nf3 Qb7 28. Kh2
Nf8 29. Ne1 Nd7 30. Nd3 Nd8 31. Rxc7 Qxc7 32. Qg4 Kh7 33. Nf4 Bf8 34. Qe2 Qc6
35. Nh5 a5 36. a4 bxa4 37. Rxa4 Qb6 38. Qd3+ Kg8 39. Nd2 Nc6 40. Qe2 Ne7 41. g4
Ng6 42. g5 hxg5 43. hxg5 Bb4 44. Nf3 Rc3 45. Qd1 Qb5 46. Kg2 Qd3 47. Qxd3 Rxd3
48. Ng3 Rxb3 49. Ne2 Nb6 50. Ra1 Nc4 51. Bc1 Kf8 52. Nf4 Nxf4+ 53. Bxf4 g6 54.
Ra2 Ke7 55. Nd2 Bxd2 56. Bxd2 Nxd2 57. Rxd2 a4 58. Rc2 Rb4 59. Rc7+ Kf8 60. Ra7
Rxd4 61. f3 Rd2+ 62. Kg3 Ra2 63. Ra8+ Kg7 64. Kf4 a3 0-1

[Event "Open de Cappelle la Grande"]
[Site "?"]
[Date "2002.??.??"]
[Round "7.48"]
[White "Simon, Olivier"]
[Black "Velicka, Petr"]
[Result "0-1"]
[WhiteElo "2274"]
[BlackElo "2445"]
[PlyCount "120"]

1. e4 Nf6 2. e5 Nd5 3. c4 Nb6 4. d4 d6 5. f4 dxe5 6. fxe5 Nc6 7. Be3 Bf5 8. Nc3
e6 9. Be2 Be7 10. Nf3 O-O 11. O-O f6 12. exf6 Bxf6 13. Qd2 Qe7 14. Rad1 Rad8
15. Qc1 Kh8 16. h3 h6 17. Kh1 Bh7 18. Bg1 Rd7 19. Rd2 Rfd8 20. Rfd1 Qe8 21. b3
Ne7 22. Bd3 Bxd3 23. Rxd3 Qg6 24. Qf4 c5 25. Ne4 e5 26. Nxe5 Bxe5 27. Qxe5 Nc6
28. Qf4 cxd4 29. Nc5 Rf7 30. Qh4 Rdf8 31. Rg3 Qd6 32. Nd3 Nd7 33. Rg4 Nde5 34.
Nxe5 Qxe5 35. Re4 Qa5 36. Re2 Rf4 37. Qg3 Qh5 38. Rde1 Qf5 39. Kh2 Rf1 40. Rxf1
Qxf1 41. Rd2 Qa1 42. Bf2 a5 43. Qd6 Rd8 44. Qg6 Qc3 45. Re2 d3 46. Re8+ Rxe8
47. Qxe8+ Kh7 48. Qe4+ g6 49. Qd5 d2 50. Qd7+ Kg8 51. Qe6+ Kg7 52. Qd7+ Kf6 53.
Qd6+ Kf7 54. Qd7+ Kf6 55. Qd6+ Kf7 56. Qd5+ Ke8 57. Qe6+ Ne7 58. Bc5 Qg7 59.
Bxe7 Qxe7 60. Qxg6+ Kd8 0-1

[Event "Open de Cappelle la Grande"]
[Site "?"]
[Date "2002.??.??"]
[Round "7.49"]
[White "Abeln, Michiel"]
[Black "Santos, Carlos"]
[Result "1/2-1/2"]
[WhiteElo "2273"]
[BlackElo "2442"]
[PlyCount "86"]

1. d4 d5 2. c4 c6 3. Nc3 Nf6 4. Bg5 dxc4 5. a4 Qa5 6. Bd2 Nbd7 7. e3 e5 8. Bxc4
Bb4 9. Nf3 O-O 10. Qc2 exd4 11. exd4 Nb6 12. Bd3 Re8+ 13. Kf1 Be6 14. Bg5 Nbd7
15. Bf4 Rad8 16. h3 Nf8 17. Kg1 Bd5 18. Ne5 Bd6 19. Bh2 Ne6 20. Nxd5 Qxd5 21.
Bc4 Qxd4 22. Rd1 Qc5 23. Nxf7 Bxh2+ 24. Kxh2 Rxd1 25. Rxd1 b5 26. axb5 cxb5 27.
Nd6 bxc4 28. Nxe8 Nxe8 29. Qe4 N8c7 30. Kg1 g6 31. Rd7 Qb4 32. Re7 Qxb2 33.
Rxe6 Nxe6 34. Qxe6+ Kf8 35. Qd6+ Ke8 36. Qe6+ Kf8 37. Qd6+ Ke8 38. Qe6+ Kd8 39.
Qxc4 Qa1+ 40. Kh2 Qe5+ 41. f4 Qe7 42. Qd5+ Kc7 43. Qa5+ Kc8 1/2-1/2

[Event "Open de Cappelle la Grande"]
[Site "?"]
[Date "2002.??.??"]
[Round "8.33"]
[White "Sprenger, Jan Michael"]
[Black "Sclacmender, Julien"]
[Result "1-0"]
[WhiteElo "2464"]
[BlackElo "2170"]
[PlyCount "72"]

1. e4 c5 2. Nf3 Nc6 3. d4 cxd4 4. Nxd4 Nf6 5. Nc3 e5 6. Ndb5 d6 7. Bg5 a6 8.
Na3 b5 9. Bxf6 gxf6 10. Nd5 Bg7 11. Bd3 Ne7 12. Nxe7 Qxe7 13. c4 f5 14. O-O O-O
15. Qf3 d5 16. cxd5 fxe4 17. Bxe4 Qd6 18. g4 Kh8 19. Nc2 Bh6 20. Kh1 Bf4 21.
Ne3 Qh6 22. h3 Ra7 23. Rad1 Qd6 24. Rc1 Bd7 25. Bf5 Rc7 26. Rxc7 Qxc7 27. Bxd7
Qxd7 28. Nf5 h5 29. Rg1 f6 30. Nh4 Rg8 31. gxh5 Bg5 32. Ng6+ Kh7 33. Kh2 Qd6
34. Qf5 Kh6 35. h4 Bd2 36. Nh8 Bf4+ 1-0

[Event "Open de Cappelle la Grande"]
[Site "?"]
[Date "2002.??.??"]
[Round "8.17"]
[White "Klovans, Janis"]
[Black "Halkias, Stelios"]
[Result "1/2-1/2"]
[WhiteElo "2440"]
[BlackElo "2546"]
[PlyCount "84"]

1. e4 c5 2. Nf3 Nc6 3. d4 cxd4 4. Nxd4 e5 5. Nb5 b6 6. N1c3 a6 7. Na3 b5 8. Nd5
Nf6 9. Bg5 Be7 10. Bxf6 Bxf6 11. c3 Ne7 12. Nxf6+ gxf6 13. Nc2 Bb7 14. Bd3 d5
15. exd5 Qxd5 16. Ne3 Qe6 17. Qh5 O-O-O 18. Bc2 Kb8 19. Bb3 Qc6 20. Rd1 Ng6 21.
Bd5 Rxd5 22. Nxd5 Qe6 23. Ne3 Nf4 24. Qh6 b4 25. c4 Rc8 26. b3 Bxg2 27. Nxg2
Nxg2+ 28. Kd2 Qf5 29. Kc1 Nf4 30. Rd2 Nd3+ 31. Rxd3 Qxd3 32. Qxf6 Qc3+ 33. Kb1
Qd3+ 34. Kc1 Qc3+ 35. Kb1 Qd3+ 36. Kc1 Rxc4+ 37. bxc4 Qxc4+ 38. Kb2 Qd4+ 39.
Kc2 Qc3+ 40. Kb1 Qd3+ 41. Kb2 Qd4+ 42. Kc2 Qc3+ 1/2-1/2

[Event "Open de Cappelle la Grande"]
[Site "?"]
[Date "2002.??.??"]
[Round "8.48"]
[White "Clery, Nicolas"]
[Black "Lukov, Valentin"]
[Result "1/2-1/2"]
[WhiteElo "2319"]
[BlackElo "2478"]
[PlyCount "73"]

1. Nf3 Nf6 2. c4 e6 3. b3 c5 4. Bb2 Nc6 5. g3 d5 6. cxd5 exd5 7. Bg2 Be7 8. d4
O-O 9. O-O Bg4 10. Ne5 cxd4 11. Nxg4 Nxg4 12. e3 Nf6 13. exd4 Re8 14. Nc3 Bb4
15. Qd3 Qa5 16. a3 Bxc3 17. Bxc3 Qb6 18. b4 Ne4 19. Bb2 Re7 20. Rfe1 Rae8 21.
Re2 Nf6 22. Rae1 Rxe2 23. Rxe2 Rxe2 24. Qxe2 h6 25. Bxd5 Nxd4 26. Qe5 Nc6 27.
Qc3 Qb5 28. Bf3 Qf5 29. Kg2 Qd7 30. Qc5 a6 31. a4 Nd8 32. Qb6 Ne6 33. Bxf6 gxf6
34. h4 Qxa4 35. Bxb7 Qb5 36. Qxa6 Qxb4 37. Bf3 1/2-1/2